| 000 | 00000nam##2200000za#4500 |
| 001 | 9.574639 |
| 003 | CaOODSP |
| 005 | 20210624184301 |
| 007 | cr ||||||||||| |
| 008 | 150406|2009||||xxc|||||o f|0| 0 eng|d |
| 040 | |aCaOODSP|beng |
| 043 | |an-cn--- |
| 086 | 1 |aH13-7/19-2009E-PDF |
| 110 | 1 |aCanada. |bHealth Canada. |
| 245 | 10|aPBDE flame retardants and human health |h[electronic resource] |
| 250 | |aUpdated |
| 260 | |bHealth Canada |cAugust 2009. |
| 300 | |a3p. |
| 490 | 1 |aIt's your health |
| 500 | |a"Original: September 2006".The catalogue number (H13-7/19-2006E-PDF) and ISBN (0-662-44176-1) of a previous edition (September 2006) are printed in this edition. |
| 590 | |a12-32-Supp|b2012-07-11 |
| 775 | 08|tProduits ignifuges à base de PBDE et santé humaine |w(CaOODSP)9.604374 |
| 830 | #0|aIt's your health.|w(CaOODSP)9.505044 |
| 856 | 40|ahttp://publications.gc.ca|qPDF|s74 KB|uhttps://publications.gc.ca/collections/collection_2012/sc-hc/H13-7-19-2009-eng.pdf |